[Event "SCO National Chess Online"]
[Site "Chess.com INT"]
[Date "2020.09.27"]
[Round "8.3"]
[White "Taalaibekov, Tagir"]
[Black "Ravi, Teja Sanka"]
[Result "0-1"]
[WhiteElo "2217"]
[BlackElo "2469"]
[PlyCount "82"]
[EventDate "2020.09.26"]
[EventType "team (rapid)"]
[EventRounds "9"]
[EventCountry "USA"]
[SourceTitle "CBM 198 Extra"]
[Source "ChessBase"]
[SourceDate "2020.11.30"]
[SourceVersion "1"]
[SourceVersionDate "2020.11.30"]
[SourceQuality "1"]
[WhiteTeam "Kyrgyzstan "]
[BlackTeam "India "]
[WhiteTeamCountry "KGZ"]
[BlackTeamCountry "IND"]

1. d4 d5 2. c4 c6 3. Nf3 Nf6 4. e3 Bg4 5. Nc3 e6 6. Qb3 Qb6 7. Ne5 Bh5 8. Bd2 Nbd7 9. f4 Be7 10. Bd3 Nxe5 11. fxe5 Qxb3 12. axb3 Nd7 13. e4 dxc4 14. bxc4 c5 15. Nb5 0-0 16. d5 Nxe5 17. Bf1 Bh4+ 18. g3 Nf3+ 19. Ke2 Nxd2+ 20. Kxd2 Bf6 21. Kc2 Bf3 22. Rg1 Bxe4+ 23. Bd3 Bxd3+ 24. Kxd3 a6 25. Nc3 Rad8 26. Rad1 exd5 27. cxd5 b5 28. b3 Rfe8 29. Kc2 Re3 30. Rd3 Rxd3 31. Kxd3 Bxc3 32. Kxc3 Rxd5 33. Re1 Kf8 34. g4 h5 35. h3 hxg4 36. hxg4 g6 37. b4 cxb4+ 38. Kxb4 Rd4+ 39. Ka5 Rxg4 40. Kb6 Ra4 41. Rc1 b4 0-1

[Event "SCO National Chess Online"]
[Site "Chess.com INT"]
[Date "2020.09.26"]
[Round "5.2"]
[White "Bai, Jinshi"]
[Black "Taalaibekov, Tagir"]
[Result "1-0"]
[WhiteElo "2618"]
[BlackElo "2217"]
[PlyCount "57"]
[EventDate "2020.09.26"]
[EventType "team (rapid)"]
[EventRounds "9"]
[EventCountry "USA"]
[SourceTitle "CBM 198 Extra"]
[Source "ChessBase"]
[SourceDate "2020.11.30"]
[SourceVersion "1"]
[SourceVersionDate "2020.11.30"]
[SourceQuality "1"]
[WhiteTeam "China"]
[BlackTeam "Kyrgyzstan "]
[WhiteTeamCountry "CHN"]
[BlackTeamCountry "KGZ"]

1. d4 Nf6 2. Nf3 e6 3. c4 b6 4. Nc3 Bb7 5. a3 g6 6. d5 d6 7. e4 Bg7 8. Bd3 0-0 9. 0-0 Nbd7 10. h3 Nc5 11. Bc2 a5 12. Rb1 exd5 13. exd5 Re8 14. Be3 Nce4 15. Bd4 Bc8 16. Nxe4 Nxe4 17. Re1 Nf6 18. Qd2 Ba6 19. Qc3 Nh5 20. Bxg7 Nxg7 21. Ba4 Rxe1+ 22. Rxe1 Bc8 23. Nd2 f5 24. Bc6 Rb8 25. Nf3 Bd7 26. Nd4 Rc8 27. Qe3 Kf7 28. Ne6 Qe8 29. Qh6 1-0

[Event "Issyk Kul op"]
[Site "Cholpon Ata"]
[Date "2019.08.23"]
[Round "9"]
[White "Jumanov, Elbek"]
[Black "Taalaibekov, Tagir"]
[Result "1-0"]
[WhiteElo "2202"]
[BlackElo "2227"]
[PlyCount "78"]
[EventDate "2019.08.19"]
[EventType "swiss"]
[EventRounds "9"]
[EventCountry "KGZ"]
[SourceTitle "EXT 2020"]
[Source "ChessBase"]
[SourceDate "2019.10.17"]
[SourceVersion "1"]
[SourceVersionDate "2019.10.17"]
[SourceQuality "1"]

1. c4 g6 2. g3 Bg7 3. Bg2 e5 4. Nc3 Nc6 5. Rb1 Nf6 6. b4 d6 7. b5 Ne7 8. d3 h6 9. Nf3 0-0 10. 0-0 Be6 11. a4 Qd7 12. c5 dxc5 13. Nxe5 Qd4 14. Bb2 Qxe5 15. Ne4 Qh5 16. Bxf6 Nd5 17. Bf3 Bg4 18. Bxg4 Qxg4 19. Bxg7 Kxg7 20. Qb3 Nf4 21. f3 Nh3+ 22. Kg2 Qf5 23. Qc3+ f6 24. Qxc5 Qd7 25. Rbc1 Rf7 26. Rc2 Ng5 27. Rfc1 Ne6 28. Qf2 b6 29. Rc4 a6 30. Nc3 axb5 31. axb5 Ra5 32. d4 Qd6 33. e3 Re7 34. e4 Rd7 35. Nd5 Rxb5 36. Rc6 Qa3 37. Nxc7 Nxc7 38. Rxc7 Qd6 39. Rxd7+ Qxd7 1-0

[Event "Tashkent zt 3.4"]
[Site "Tashkent"]
[Date "2019.05.22"]
[Round "1"]
[White "Vokhidov, Shamsiddin"]
[Black "Taalaibekov, Tagir"]
[Result "1/2-1/2"]
[WhiteElo "2518"]
[BlackElo "2268"]
[PlyCount "127"]
[EventDate "2019.05.22"]
[EventType "swiss"]
[EventRounds "9"]
[EventCountry "UZB"]
[SourceTitle "CBM 190 Extra"]
[Source "ChessBase"]
[SourceDate "2019.07.15"]
[SourceVersion "1"]
[SourceVersionDate "2019.07.15"]
[SourceQuality "1"]

1. e4 d6 2. d4 Nf6 3. Bd3 Nbd7 4. c3 e5 5. Nf3 Be7 6. 0-0 0-0 7. Nbd2 c6 8. Re1 Qc7 9. Nf1 Re8 10. Ng3 Nf8 11. h3 h6 12. b3 Ng6 13. Bb2 Bf8 14. c4 c5 15. dxe5 dxe5 16. Ne2 a6 17. Nc3 Bd7 18. Nd5 Nxd5 19. cxd5 Bd6 20. Rc1 b5 21. Qd2 Qb6 22. Qe3 Qa5 23. Rc2 Rac8 24. Rec1 Nf4 25. Bf1 f5 26. Nxe5 Bxe5 27. Bxe5 Nxh3+ 28. Qxh3 Rxe5 29. Rxc5 Rxc5 30. Rxc5 Rxe4 31. Qg3 Qd2 32. f3 f4 33. Qf2 Qxf2+ 34. Kxf2 Rd4 35. a4 bxa4 36. bxa4 Rxa4 37. Bc4 Kf8 38. d6 Ke8 39. g3 fxg3+ 40. Kxg3 Kd8 41. Kf2 Rb4 42. Bxa6 Rb6 43. Bc4 Rxd6 44. Rd5 Rxd5 45. Bxd5 Ke7 46. f4 Kd6 47. Be4 Kc5 48. Bg6 Kd4 49. Kf3 Ba4 50. Kf2 Bd1 51. Kg3 Ba4 52. Kf3 Bd1+ 53. Kg3 Ke3 54. Bf7 Bf3 55. Bg6 h5 56. Bf7 Be2 57. Bg6 Bf3 58. Bf7 Be4 59. Be8 Bf3 60. Bf7 Be2 61. Be8 h4+ 62. Kxh4 Kxf4 63. Kh3 Kf3 64. Bh5+ 1/2-1/2

[Event "Moscow Aeroflot op-B 18th"]
[Site "Moscow"]
[Date "2019.02.24"]
[Round "5"]
[White "Balajayeva, Khanim Asad Qizi"]
[Black "Taalaibekov, Tagir"]
[Result "1-0"]
[WhiteElo "2397"]
[BlackElo "2204"]
[PlyCount "61"]
[EventDate "2019.02.20"]
[EventType "swiss"]
[EventRounds "9"]
[EventCountry "RUS"]
[SourceTitle "CBM 189 Extra"]
[Source "ChessBase"]
[SourceDate "2019.05.31"]
[SourceVersion "1"]
[SourceVersionDate "2019.05.31"]
[SourceQuality "1"]

1. d4 Nf6 2. Nf3 b6 3. e3 Bb7 4. Nbd2 e6 5. Bd3 d5 6. 0-0 g6 7. b3 Nbd7 8. c4 Bg7 9. Ba3 c5 10. Rc1 Rc8 11. b4 cxd4 12. exd4 Ne4 13. c5 bxc5 14. dxc5 a5 15. Nxe4 dxe4 16. Bb5 axb4 17. Bxb4 Bc6 18. Bxc6 Rxc6 19. Nd4 Bxd4 20. Qxd4 e5 21. Qd5 Qc8 22. Rfd1 Nf6 23. Qxe5+ Re6 24. Qd4 0-0 25. c6 Rfe8 26. c7 e3 27. fxe3 Ne4 28. Qd8 Kg7 29. Qxc8 Rxc8 30. Rd8 Re8 31. Rxe8 1-0

[Event "Moscow Aeroflot op-B 18th"]
[Site "Moscow"]
[Date "2019.02.22"]
[Round "3"]
[White "Taalaibekov, Tagir"]
[Black "Ambartsumova, Karina"]
[Result "0-1"]
[WhiteElo "2204"]
[BlackElo "2396"]
[PlyCount "46"]
[EventDate "2019.02.20"]
[EventType "swiss"]
[EventRounds "9"]
[EventCountry "RUS"]
[SourceTitle "CBM 189 Extra"]
[Source "ChessBase"]
[SourceDate "2019.05.31"]
[SourceVersion "1"]
[SourceVersionDate "2019.05.31"]
[SourceQuality "1"]

1. d4 Nf6 2. Nf3 e6 3. c4 d5 4. Nc3 Nbd7 5. Bf4 Bb4 6. Qa4 Bxc3+ 7. bxc3 0-0 8. cxd5 exd5 9. e3 c5 10. Bd3 Ne4 11. Bxe4 dxe4 12. Nd2 Nb6 13. Qc2 cxd4 14. cxd4 Nd5 15. Be5 Nb4 16. Qxe4 f6 17. Qb1 fxe5 18. Qxb4 exd4 19. 0-0 dxe3 20. fxe3 Re8 21. Nc4 Qe7 22. Qb5 Be6 23. Rad1 a6 0-1

[Event "Moscow op-A 15th"]
[Site "Moscow"]
[Date "2019.01.28"]
[Round "3"]
[White "Zakaryan, David"]
[Black "Taalaibekov, Tagir"]
[Result "1/2-1/2"]
[WhiteElo "2378"]
[BlackElo "2204"]
[PlyCount "139"]
[EventDate "2019.01.26"]
[EventType "swiss"]
[EventRounds "9"]
[EventCountry "RUS"]
[SourceTitle "CBM 188 Extra"]
[Source "ChessBase"]
[SourceDate "2019.02.28"]
[SourceVersion "1"]
[SourceVersionDate "2019.02.28"]
[SourceQuality "1"]

1. e4 e6 2. d4 d5 3. Nd2 c5 4. Ngf3 Nc6 5. exd5 exd5 6. Bb5 Bd6 7. dxc5 Bxc5 8. 0-0 Nge7 9. Nb3 Bd6 10. Bg5 f6 11. Bh4 0-0 12. Re1 Bg4 13. Be2 Be6 14. Nfd4 Bf7 15. Bh5 Ne5 16. Bxf7+ Rxf7 17. c3 Qd7 18. Bg3 Re8 19. Qc2 Nc8 20. Nf5 Bf8 21. Rad1 Nc4 22. Rxe8 Qxe8 23. Kf1 g6 24. Nfd4 Re7 25. Nd2 N8b6 26. N2f3 Bh6 27. b3 Ne5 28. a4 Nc8 29. Bh4 Qf7 30. Nxe5 Rxe5 31. Bg3 Re8 32. Qd3 f5 33. Bb8 a6 34. Nf3 Ne7 35. Bd6 Rd8 36. Bxe7 Qxe7 37. c4 d4 38. Re1 Qd6 39. h4 Bg7 40. h5 Bf6 41. hxg6 hxg6 42. g4 Qf4 43. gxf5 gxf5 44. Re6 Kf7 45. Re1 Rh8 46. Ke2 Kf8 47. Nd2 Qg4+ 48. Qf3 d3+ 49. Kd1 Bc3 50. Qxg4 fxg4 51. Rg1 Rh2 52. Ne4 Bb4 53. Kc1 g3 54. Nxg3 Rxf2 55. Rf1 Rxf1+ 56. Nxf1 Ke7 57. Ne3 Kd6 58. Nd5 Kc5 59. Kd1 Ba5 60. Kc1 Bd8 61. Kd1 Kd4 62. Kc1 Bg5+ 63. Kd1 Bh6 64. Ke1 Bg5 65. Kd1 Bh6 66. Ke1 d2+ 67. Kd1 Kd3 68. c5 a5 69. Ne7 Kc3 70. c6 1/2-1/2

[Event "Moscow RSHSH Cup"]
[Site "Moscow"]
[Date "2018.10.20"]
[Round "4"]
[White "Taalaibekov, Tagir"]
[Black "Reprintsev, Alexander"]
[Result "1-0"]
[WhiteElo "2225"]
[BlackElo "2371"]
[PlyCount "79"]
[EventDate "2018.10.17"]
[EventType "tourn"]
[EventRounds "9"]
[EventCountry "RUS"]
[EventCategory "1"]
[SourceTitle "CBM 187 Extra"]
[Source "ChessBase"]
[SourceDate "2018.11.04"]
[SourceVersion "1"]
[SourceVersionDate "2018.11.04"]
[SourceQuality "1"]

1. d4 d5 2. Nf3 Bf5 3. c4 e6 4. Nc3 c6 5. g3 Nf6 6. Bg2 Be7 7. 0-0 Ne4 8. cxd5 exd5 9. Ne5 Nxc3 10. bxc3 0-0 11. Qb3 Qb6 12. f3 Nd7 13. Nd3 Rfe8 14. e4 Be6 15. Nf4 dxe4 16. Nxe6 Qxb3 17. axb3 fxe6 18. fxe4 e5 19. Be3 a6 20. Rad1 Rad8 21. Bh3 exd4 22. cxd4 Nf8 23. d5 cxd5 24. exd5 Bd6 25. Bb6 Ra8 26. Rc1 Re7 27. Rfe1 Rxe1+ 28. Rxe1 a5 29. Rd1 Bb4 30. Bc7 b5 31. d6 Kf7 32. Bg2 Ra6 33. Bb7 Ra7 34. Bd5+ Kg6 35. Rf1 Nd7 36. Be4+ Kh6 37. Rf7 Nc5 38. d7 Ne6 39. Bf4+ Kh5 40. Rxg7 1-0

[Event "Moscow RSHSH Cup"]
[Site "Moscow"]
[Date "2018.10.19"]
[Round "3"]
[White "Taalaibekov, Tagir"]
[Black "Khruschiov, Alexey"]
[Result "0-1"]
[WhiteElo "2225"]
[BlackElo "2367"]
[PlyCount "90"]
[EventDate "2018.10.17"]
[EventType "tourn"]
[EventRounds "9"]
[EventCountry "RUS"]
[EventCategory "1"]
[SourceTitle "CBM 187 Extra"]
[Source "ChessBase"]
[SourceDate "2018.11.04"]
[SourceVersion "1"]
[SourceVersionDate "2018.11.04"]
[SourceQuality "1"]

1. d4 Nf6 2. Nf3 e6 3. c4 d5 4. Nc3 Nbd7 5. Bf4 Bb4 6. Qb3 c5 7. e3 Qa5 8. Bd3 cxd4 9. exd4 dxc4 10. Bxc4 Nb6 11. Bd3 Nbd5 12. Bd2 0-0 13. 0-0 Rd8 14. a3 Be7 15. Nb5 Qb6 16. a4 a6 17. a5 Qc6 18. Rac1 Qe8 19. Na3 Bd7 20. Nc4 Ba4 21. Qa2 Bb5 22. Nfe5 Rac8 23. Qb3 Ba4 24. Qa2 Nb4 25. Bxb4 Bxb4 26. b3 Bb5 27. Rfd1 g6 28. Bf1 Nd5 29. Rd3 Bf8 30. Rf3 Rc7 31. Qb2 Bg7 32. Qa3 Qf8 33. Qb2 Qb4 34. Nd3 Qe7 35. Nde5 f6 36. Nd3 Nb4 37. Nc5 Nc6 38. Rd3 f5 39. Rcd1 Bxc4 40. bxc4 Rxd4 41. Qb6 Rxd3 42. Rxd3 Bd4 43. Rxd4 Nxd4 44. Nxa6 bxa6 45. Qxd4 Rc5 0-1

[Event "Olympiad-43"]
[Site "Batumi"]
[Date "2018.10.04"]
[Round "10.2"]
[White "Neiksans, Arturs"]
[Black "Taalaibekov, Tagir"]
[Result "1-0"]
[WhiteElo "2566"]
[BlackElo "2291"]
[PlyCount "101"]
[EventDate "2018.09.24"]
[EventType "team-swiss"]
[EventRounds "11"]
[EventCountry "GEO"]
[SourceTitle "CBM 187"]
[Source "ChessBase"]
[SourceDate "2018.12.11"]
[SourceVersion "1"]
[SourceVersionDate "2018.12.11"]
[SourceQuality "1"]
[WhiteTeam "Latvia"]
[BlackTeam "Kyrgyzstan"]
[WhiteTeamCountry "LAT"]
[BlackTeamCountry "KGZ"]

1. e4 e6 2. d4 d5 3. Nd2 c5 4. Ngf3 Nc6 5. exd5 exd5 6. Bb5 Bd6 7. dxc5 Bxc5 8. 0-0 Nge7 9. Nb3 Bd6 10. Re1 0-0 11. Bd3 Bf5 12. Bg5 Bxd3 13. Qxd3 f6 14. Bh4 Ne5 15. Nxe5 Bxe5 16. c3 Qd6 17. Bg3 Ng6 18. Rad1 Rad8 19. Nd4 Qb6 20. Re2 Rfe8 21. Rde1 Qa5 22. h4 Qc7 23. h5 Nf8 24. Nf3 Qc4 25. Qxc4 dxc4 26. Nxe5 fxe5 27. Rxe5 Rxe5 28. Rxe5 Rd1+ 29. Kh2 a6 30. Bf4 Nd7 31. Re8+ Kf7 32. Rd8 Rd5 33. g4 Ke7 34. Rc8 Rc5 35. Rh8 Nf6 36. g5 Nd5 37. Be5 Nb6 38. Bd4 Rxg5 39. Bxb6 Rxh5+ 40. Kg2 Rb5 41. Bd4 Rxb2 42. Rxh7 b5 43. Rxg7+ Ke8 44. a4 bxa4 45. Ra7 a3 46. Rxa6 a2 47. Kg3 Kf7 48. f4 Rc2 49. f5 Rd2 50. Ra7+ Kg8 51. f6 1-0

[Event "Olympiad-43"]
[Site "Batumi"]
[Date "2018.10.02"]
[Round "8.2"]
[White "Hjartarson, Johann"]
[Black "Taalaibekov, Tagir"]
[Result "1-0"]
[WhiteElo "2530"]
[BlackElo "2291"]
[PlyCount "87"]
[EventDate "2018.09.24"]
[EventType "team-swiss"]
[EventRounds "11"]
[EventCountry "GEO"]
[SourceTitle "CBM 187"]
[Source "ChessBase"]
[SourceDate "2018.12.11"]
[SourceVersion "1"]
[SourceVersionDate "2018.12.11"]
[SourceQuality "1"]
[WhiteTeam "Iceland"]
[BlackTeam "Kyrgyzstan"]
[WhiteTeamCountry "ISL"]
[BlackTeamCountry "KGZ"]

1. e4 d6 2. d4 Nf6 3. Nc3 Nbd7 4. Nf3 e5 5. Bc4 Be7 6. 0-0 0-0 7. a4 c6 8. Ba2 exd4 9. Nxd4 Ne5 10. f4 Ng6 11. Kh1 Re8 12. Qd3 Qc7 13. Be3 a5 14. Rae1 Bf8 15. Nf5 b6 16. Bd4 d5 17. Bxf6 Ba6 18. Qd4 Bc5 19. Qd1 gxf6 20. Rf3 Bc8 21. g4 Be6 22. exd5 cxd5 23. Bxd5 Rad8 24. Ne4 Be7 25. c4 Qd7 26. Ne3 Bxg4 27. Nxg4 Qxg4 28. f5 Kg7 29. Nf2 Qh4 30. fxg6 hxg6 31. Re4 Qh6 32. Rh3 Qg5 33. Rg3 Qf5 34. Qe2 Bd6 35. Rxe8 Rxe8 36. Qxe8 Bxg3 37. Qxf7+ Kh6 38. Qf8+ Kh5 39. Qh8+ Kg5 40. Ne4+ Kg4 41. Nxf6+ Kg5 42. Ne4+ Kg4 43. h3+ Kf4 44. Qb8+ 1-0

[Event "Olympiad-43"]
[Site "Batumi"]
[Date "2018.09.26"]
[Round "3.58"]
[White "Taalaibekov, Tagir"]
[Black "Ndiaye, Amadou"]
[Result "1-0"]
[WhiteElo "2291"]
[BlackElo "2061"]
[PlyCount "57"]
[EventDate "2018.09.24"]
[EventType "team-swiss"]
[EventRounds "11"]
[EventCountry "GEO"]
[SourceTitle "CBM 187"]
[Source "ChessBase"]
[SourceDate "2018.12.11"]
[SourceVersion "1"]
[SourceVersionDate "2018.12.11"]
[SourceQuality "1"]
[WhiteTeam "Kyrgyzstan"]
[BlackTeam "Mali"]
[WhiteTeamCountry "KGZ"]
[BlackTeamCountry "MLI"]

1. d4 Nf6 2. Nf3 e6 3. c4 d5 4. Nc3 b6 5. cxd5 exd5 6. Qc2 a6 7. Bg5 Be7 8. e3 0-0 9. Bd3 h6 10. Bf4 Nbd7 11. h3 c5 12. dxc5 Nxc5 13. Be2 Be6 14. 0-0 Rc8 15. Rac1 b5 16. Qd1 b4 17. Na4 a5 18. Nxc5 Rxc5 19. Nd4 Bd7 20. Qd3 Qb6 21. Nf5 Bxf5 22. Qxf5 Rfc8 23. Qxc8+ Rxc8 24. Rxc8+ Kh7 25. Bd3+ g6 26. Rfc1 b3 27. a3 Bd8 28. Rb8 Qc6 29. Rxc6 1-0

[Event "Olympiad-43"]
[Site "Batumi"]
[Date "2018.09.24"]
[Round "1.84"]
[White "Taalaibekov, Tagir"]
[Black "Aw, Ousmane"]
[Result "1-0"]
[WhiteElo "2291"]
[BlackElo "1880"]
[PlyCount "102"]
[EventDate "2018.09.24"]
[EventType "team-swiss"]
[EventRounds "11"]
[EventCountry "GEO"]
[SourceTitle "CBM 187"]
[Source "ChessBase"]
[SourceDate "2018.12.11"]
[SourceVersion "1"]
[SourceVersionDate "2018.12.11"]
[SourceQuality "1"]
[WhiteTeam "Kyrgyzstan"]
[BlackTeam "Senegal"]
[WhiteTeamCountry "KGZ"]
[BlackTeamCountry "SEN"]

1. d4 Nf6 2. Nf3 g6 3. Bf4 Bg7 4. Nc3 d5 5. e3 c6 6. Be2 Qa5 7. Qd2 Bf5 8. h4 h5 9. Ne5 Nbd7 10. f3 Nxe5 11. Bxe5 Qd8 12. 0-0-0 a6 13. g4 hxg4 14. fxg4 Be4 15. Rh2 Rh7 16. g5 Nh5 17. Bxh5 Bxe5 18. dxe5 Rxh5 19. Nxe4 dxe4 20. Qb4 Qc7 21. Qxe4 Rd8 22. Rxd8+ Qxd8 23. Rd2 Qc8 24. Qd4 Kf8 25. Qd8+ Qxd8 26. Rxd8+ Kg7 27. Rd7 e6 28. Rxb7 Rxh4 29. Rb6 Re4 30. Rxc6 Rxe5 31. Rxa6 Rxg5 32. b4 Rd5 33. Ra5 Rd7 34. Rg5 Kf6 35. Rg3 g5 36. a4 Kg6 37. a5 f5 38. a6 e5 39. b5 f4 40. exf4 exf4 41. Rg1 Ra7 42. Kd2 Kf5 43. Ke2 g4 44. Rb1 f3+ 45. Kf2 Re7 46. Kg3 Rh7 47. b6 Rh3+ 48. Kf2 Rh2+ 49. Ke3 Re2+ 50. Kd3 Re6 51. b7 Rd6+ 1-0

[Event "Wch U20 57th"]
[Site "Manavgat"]
[Date "2018.09.11"]
[Round "7"]
[White "Caglar, Ahmet Ata"]
[Black "Taalaibekov, Tagir"]
[Result "1-0"]
[WhiteElo "2071"]
[BlackElo "2291"]
[PlyCount "137"]
[EventDate "2018.09.05"]
[EventType "swiss"]
[EventRounds "11"]
[EventCountry "TUR"]
[SourceTitle "CBM 186 Extra"]
[Source "ChessBase"]
[SourceDate "2018.08.24"]
[SourceVersion "1"]
[SourceVersionDate "2018.08.24"]
[SourceQuality "1"]

1. e4 c5 2. Nf3 e6 3. d4 cxd4 4. Nxd4 a6 5. Nc3 Qc7 6. g3 b5 7. Bg2 Bb7 8. 0-0 d6 9. Re1 Nf6 10. Nd5 exd5 11. exd5+ Kd8 12. Bg5 Nbd7 13. Nc6+ Bxc6 14. dxc6 Nc5 15. a4 b4 16. Qd4 Be7 17. Qxb4 Ne6 18. Be3 Rb8 19. Qc3 Ng4 20. Bd2 h5 21. h3 Nf6 22. b4 Ke8 23. Rab1 Kf8 24. b5 axb5 25. axb5 d5 26. Be3 Qd6 27. Ba7 Rc8 28. Red1 h4 29. Qe3 hxg3 30. fxg3 Rd8 31. c4 d4 32. Qd3 Ng5 33. h4 Nge4 34. b6 g6 35. c7 Re8 36. b7 Qxc7 37. b8Q Rxb8 38. Bxb8 Qc6 39. Be5 Qe6 40. Bxf6 Nxf6 41. Rb8+ Ne8 42. Qxd4 Rh5 43. Qe4 Bc5+ 44. Kh2 Re5 45. Qc6 Qxc4 46. Rdd8 Qe2 47. Rxe8+ Rxe8 48. Qxc5+ Kg8 49. Qb5 Qxb5 50. Rxb5 Re2 51. Rb7 Kg7 52. Kg1 Rd2 53. Bc6 Rd8 54. Rd7 Rf8 55. Bd5 Kf6 56. Kg2 g5 57. Rxf7+ Rxf7 58. hxg5+ Kg6 59. Bxf7+ Kxf7 60. Kf3 Kg6 61. Kg4 Kg7 62. Kf5 Kf7 63. g6+ Kg7 64. Kg5 Kg8 65. Kf6 Kh8 66. g7+ Kg8 67. g4 Kh7 68. Kf7 Kh6 69. g8R 1-0

[Event "Wch U20 57th"]
[Site "Manavgat"]
[Date "2018.09.08"]
[Round "5"]
[White "Taalaibekov, Tagir"]
[Black "Ozsakallioglu, Okan"]
[Result "0-1"]
[WhiteElo "2291"]
[BlackElo "1955"]
[PlyCount "84"]
[EventDate "2018.09.05"]
[EventType "swiss"]
[EventRounds "11"]
[EventCountry "TUR"]
[SourceTitle "CBM 186 Extra"]
[Source "ChessBase"]
[SourceDate "2018.08.24"]
[SourceVersion "1"]
[SourceVersionDate "2018.08.24"]
[SourceQuality "1"]

1. d4 Nf6 2. Nf3 g6 3. g3 Bg7 4. Bg2 d6 5. 0-0 0-0 6. c4 Nbd7 7. Nc3 c6 8. e4 e5 9. h3 Re8 10. Be3 exd4 11. Nxd4 Nc5 12. f3 a5 13. Qd2 a4 14. Rad1 Qa5 15. Nc2 Be6 16. Na3 Qb4 17. Rfe1 Nfd7 18. f4 Bxc4 19. Nxc4 Qxc4 20. Qxd6 a3 21. Bf1 Qb4 22. Nb1 axb2 23. a3 Qxe4 24. Re2 Qf3 25. Bxc5 Nxc5 26. Rg2 Ne4 27. Qd7 Nf6 28. Qd6 Nd5 29. Rd3 Re3 30. Be2 Qe4 31. Nd2 Rxd3 32. Nxe4 b1Q+ 33. Kh2 Re3 34. Ng5 Rae8 35. Bc4 Re1 36. Rf2 h5 37. Bxd5 cxd5 38. Qxd5 Qf5 39. Qxb7 R1e2 40. Rxe2 Rxe2+ 41. Kh1 Re1+ 42. Kg2 Qc2+ 0-1

[Event "Wch U20 57th"]
[Site "Manavgat"]
[Date "2018.09.07"]
[Round "4"]
[White "Barseghyan, Harutyun"]
[Black "Taalaibekov, Tagir"]
[Result "1-0"]
[WhiteElo "2466"]
[BlackElo "2291"]
[PlyCount "185"]
[EventDate "2018.09.05"]
[EventType "swiss"]
[EventRounds "11"]
[EventCountry "TUR"]
[SourceTitle "CBM 186 Extra"]
[Source "ChessBase"]
[SourceDate "2018.08.24"]
[SourceVersion "1"]
[SourceVersionDate "2018.08.24"]
[SourceQuality "1"]

1. d4 Nf6 2. c4 e6 3. Nc3 Bb4 4. Qc2 d6 5. a3 Bxc3+ 6. Qxc3 a5 7. b3 b6 8. Nf3 Bb7 9. e3 Nbd7 10. Bb2 Ne4 11. Qc2 f5 12. Be2 Ndf6 13. Rd1 Nxf2 14. Kxf2 Ng4+ 15. Kg1 Nxe3 16. Qd2 Nxd1 17. Bxd1 0-0 18. Kf2 Qf6 19. Qg5 Qf7 20. h4 h6 21. Qf4 Rad8 22. h5 c5 23. Nh4 Be4 24. Ng6 Rfe8 25. Bf3 Bxf3 26. gxf3 b5 27. Rd1 bxc4 28. dxc5 e5 29. Qxc4 d5 30. Qd3 d4 31. Qc4 Rb8 32. Qxf7+ Kxf7 33. f4 Rxb3 34. Ba1 exf4 35. Bxd4 Rd8 36. c6 Rc8 37. Re1 Rc7 38. Rc1 Rxa3 39. Be5 Rc8 40. c7 Rd3 41. Nxf4 Rd7 42. Rc5 a4 43. Nd5 a3 44. Nb6 Rdxc7 45. Rxc7+ Rxc7 46. Bxc7 Kf6 47. Nc4 a2 48. Be5+ Kg5 49. Bxg7 Kxh5 50. Kf3 Kg6 51. Ba1 Kf7 52. Ne5+ Ke6 53. Nd3 h5 54. Nb4 h4 55. Nxa2 Kd5 56. Nc3+ Kc4 57. Ne2 Kd3 58. Nf4+ Kc4 59. Bf6 h3 60. Nxh3 Kd5 61. Kf4 Ke6 62. Be5 Kd5 63. Kxf5 Kc6 64. Nf4 Kc5 65. Ke6 Kc6 66. Bd6 Kb6 67. Nd3 Kb5 68. Kd5 Kb6 69. Ne5 Kb7 70. Kc5 Ka6 71. Nc4 Kb7 72. Kb5 Ka7 73. Bc7 Kb7 74. Bb6 Kc8 75. Kc6 Kb8 76. Ne3 Ka8 77. Nd5 Kb8 78. Nc7 Kc8 79. Ba7 Kd8 80. Nd5 Ke8 81. Bd4 Kf7 82. Nf4 Ke7 83. Kc7 Ke8 84. Bf6 Kf7 85. Bh4 Ke8 86. Bg5 Kf7 87. Kd7 Kf8 88. Bh4 Kf7 89. Be7 Kg7 90. Ke6 Kh6 91. Kf7 Kh7 92. Bf8 Kh8 93. Ne6 1-0

[Event "Wch U20 57th"]
[Site "Manavgat"]
[Date "2018.09.07"]
[Round "3"]
[White "Taalaibekov, Tagir"]
[Black "Tutisani, Noe"]
[Result "1/2-1/2"]
[WhiteElo "2291"]
[BlackElo "2471"]
[PlyCount "83"]
[EventDate "2018.09.05"]
[EventType "swiss"]
[EventRounds "11"]
[EventCountry "TUR"]
[SourceTitle "CBM 186 Extra"]
[Source "ChessBase"]
[SourceDate "2018.08.24"]
[SourceVersion "1"]
[SourceVersionDate "2018.08.24"]
[SourceQuality "1"]

1. d4 Nf6 2. Nf3 g6 3. Bf4 Bg7 4. Nc3 d5 5. e3 0-0 6. h4 Bg4 7. Be2 c5 8. Ne5 Bxe2 9. Qxe2 Nc6 10. 0-0-0 Qa5 11. h5 Rfc8 12. hxg6 hxg6 13. Nxc6 Rxc6 14. Be5 c4 15. Qf3 Rd8 16. g4 b5 17. a3 b4 18. axb4 Qa1+ 19. Kd2 Qxb2 20. Rb1 Qa3 21. g5 Ne4+ 22. Nxe4 c3+ 23. Ke1 Qa2 24. Rd1 dxe4 25. Qxe4 Re6 26. f4 Qc4 27. Qf3 f6 28. f5 gxf5 29. Qxf5 Rxe5 30. Qh7+ Kf8 31. dxe5 Rxd1+ 32. Kxd1 Qd5+ 33. Ke2 Qg2+ 34. Kd3 Qd5+ 35. Ke2 Qg2+ 36. Ke1 Qd2+ 37. Kf1 Qxe3 38. Qf5 e6 39. Qf2 Qc1+ 40. Qe1 Qf4+ 41. Qf2 Qc1+ 42. Qe1 1/2-1/2

[Event "KGZ-ch HL"]
[Site "Bishkek"]
[Date "2018.05.13"]
[Round "3"]
[White "Taalaibekov, Tagir"]
[Black "Sezdbekov, Ruslan"]
[Result "1/2-1/2"]
[WhiteElo "2279"]
[BlackElo "2093"]
[PlyCount "214"]
[EventDate "2018.05.11"]
[EventType "swiss"]
[EventRounds "9"]
[EventCountry "KGZ"]
[SourceTitle "EXT 2019"]
[Source "ChessBase"]
[SourceDate "2018.10.10"]
[SourceVersion "1"]
[SourceVersionDate "2018.10.10"]
[SourceQuality "1"]

1. d4 Nf6 2. Nf3 e6 3. c4 d5 4. Nc3 Be7 5. Bf4 c6 6. e3 Nh5 7. Bxb8 Rxb8 8. Rc1 0-0 9. Be2 f5 10. Qa4 a6 11. Qc2 Nf6 12. 0-0 Bd6 13. Ne5 Bxe5 14. dxe5 Nd7 15. f4 b5 16. cxd5 cxd5 17. g4 Bb7 18. gxf5 Nxe5 19. fxe5 Qg5+ 20. Kh1 d4+ 21. Bf3 Bxf3+ 22. Rxf3 dxc3 23. Rg1 Qh5 24. Qg2 g6 25. e4 exf5 26. exf5 cxb2 27. Rgf1 b1Q 28. Rxb1 Rxf5 29. Rh3 Qg5 30. Qd5+ Kh8 31. Qd7 h5 32. e6 Rd5 33. Qf7 Rd2 34. Rg1 Qd5+ 35. Rf3 Rg8 36. Qf6+ Kh7 37. Rg5 Qe4 38. Qf7+ Kh6 39. Rg1 Rf2 40. Rgg3 Rg7 41. Qf8 Kh7 42. e7 Rxf3 43. Rxf3 Qxe7 44. Qf4 Qe6 45. a3 Rd7 46. Kg2 g5 47. Qb4 Qa2+ 48. Rf2 Qd5+ 49. Kg1 Qd4 50. Qb1+ Kg7 51. Qf5 Qd1+ 52. Rf1 Qg4+ 53. Qxg4 hxg4 54. Rf5 Kg6 55. Rc5 Rd1+ 56. Kf2 Rd2+ 57. Kg1 Ra2 58. Rc6+ Kh5 59. Rxa6 b4 60. Rb6 bxa3 61. Ra6 g3 62. Ra4 Rxh2 63. Rxa3 Kh4 64. Ra4+ Kh3 65. Ra8 Rd2 66. Rh8+ Kg4 67. Rf8 Rf2 68. Rh8 Re2 69. Rf8 Re4 70. Ra8 Kh3 71. Rh8+ Rh4 72. Ra8 Rd4 73. Rh8+ Kg4 74. Rg8 Rd1+ 75. Kg2 Rd2+ 76. Kg1 g2 77. Ra8 Kh4 78. Rh8+ Kg4 79. Ra8 Rb2 80. Rc8 Kh4 81. Rh8+ Kg3 82. Rh3+ Kf4 83. Ra3 g4 84. Ra4+ Kg3 85. Ra3+ Kh4 86. Ra8 Kh3 87. Ra3+ Kh4 88. Ra8 Rc2 89. Rh8+ Kg3 90. Rh3+ Kf4 91. Ra3 Rb2 92. Ra4+ Kg3 93. Ra3+ Kh4 94. Ra8 Kh3 95. Ra3+ Kh4 96. Ra8 Rc2 97. Rh8+ Kg3 98. Rh3+ Kf4 99. Ra3 Kg5 100. Ra5+ Kh4 101. Ra8 Rb2 102. Rh8+ Kg5 103. Ra8 Kf4 104. Ra4+ Kg5 105. Ra8 Kh4 106. Rh8+ Kg3 107. Rh3+ gxh3 1/2-1/2